000 00689cab a2200217 4500
001 WB2843-23
008 090401t1992 xxu||||| |||| 00| 0 eng d
035 _a(Sirsi) u55226
041 _aeng
245 _aBusiness wants investment in housing
260 _c1992
350 _a0
490 _aIndependent
_v3 November 1992, 8(1)
520 _aA survey by Shelter reveals that over 80% of leading businesses want more investment in housing, with many respondents suffering from lack of consumer demand for goods as consumers finance costly housing.
650 _aECONOMY
650 _aINVESTMENT
650 _aSHELTER
690 _aHOUSING
942 _n0
948 _c04/03/1997
999 _c33740
_d33740